Analysis and Development of a Framework for Monitoring of Electronic Media in Pakistan / (Record no. 540665)

000 -LEADER
fixed length control field 00531nam a22001577a 4500
020 ## - INTERNATIONAL STANDARD BOOK NUMBER
Qualifying information Hard Cover.
082 ## - DEWEY DECIMAL CLASSIFICATION NUMBER
Classification number 620.005
100 ## - MAIN ENTRY--PERSONAL NAME
Personal name Hassan, Intizar
245 ## - TITLE STATEMENT
Title Analysis and Development of a Framework for Monitoring of Electronic Media in Pakistan /
Statement of responsibility, etc. Intizar Hassan
260 ## - PUBLICATION, DISTRIBUTION, ETC.
Place of publication, distribution, etc. Islamabad :
Name of publisher, distributor, etc. CEME- NUST,
Date of publication, distribution, etc. 2013.
300 ## - PHYSICAL DESCRIPTION
Extent 89 p. : ill. ;
Dimensions 30cm.
650 ## - SUBJECT ADDED ENTRY--TOPICAL TERM
Topical term or geographic name entry element Engineering Management-MS-Thesis
700 ## - ADDED ENTRY--PERSONAL NAME
Personal name Dr. Athar Masood.
942 ## - ADDED ENTRY ELEMENTS (KOHA)
Source of classification or shelving scheme
Koha item type Thesis
650 ## - SUBJECT ADDED ENTRY--TOPICAL TERM
-- 16065
700 ## - ADDED ENTRY--PERSONAL NAME
-- 34805
Holdings
Withdrawn status Lost status Source of classification or shelving scheme Damaged status Not for loan Permanent Location Current Location Shelving location Date acquired Total Checkouts Full call number Barcode Date last seen Price effective from Koha item type
          Central Library (CL) Central Library (CL) Thesis 11/02/2020   620.005 CL-T-532 11/02/2020 11/02/2020 Thesis
© 2023 Central Library, National University of Sciences and Technology. All Rights Reserved.